<?xml version="1.0" encoding="UTF-8"?>
<collection xmlns:xsi="http://www.w3.org/2001/XMLSchema-instance" xsi:schemaLocation="http://www.loc.gov/MARC21/slim http://www.loc.gov/standards/marcxml/schema/MARC21slim.xsd" xmlns="http://www.loc.gov/MARC21/slim">
 <record>
  <leader>00000nam a22000004a 4500</leader>
  <controlfield tag="001">UP-8027390931311915322</controlfield>
  <controlfield tag="003">Buklod</controlfield>
  <controlfield tag="005">20250708104432.0</controlfield>
  <controlfield tag="006">m    |o  d |      </controlfield>
  <controlfield tag="007">ta</controlfield>
  <controlfield tag="008">250514t2019    ph adh  r    |||| u|eng d</controlfield>
  <datafield tag="020" ind1=" " ind2=" ">
   <subfield code="a">9789712734939</subfield>
  </datafield>
  <datafield tag="040" ind1=" " ind2=" ">
   <subfield code="a">DAC</subfield>
   <subfield code="e">rda</subfield>
  </datafield>
  <datafield tag="041" ind1="0" ind2=" ">
   <subfield code="a">eng</subfield>
  </datafield>
  <datafield tag="090" ind1="0" ind2="0">
   <subfield code="a">JQ 1418 </subfield>
   <subfield code="b">.S77 2019</subfield>
  </datafield>
  <datafield tag="245" ind1="0" ind2="0">
   <subfield code="a">Strong patronage, weak parties</subfield>
   <subfield code="b">the case for electoral system redesign in the Philippines</subfield>
   <subfield code="c">edited by Paul D. Hutchcroft. </subfield>
  </datafield>
  <datafield tag="264" ind1=" " ind2="1">
   <subfield code="a">Mandaluyong City, Philippines </subfield>
   <subfield code="b">Anvil Publishing </subfield>
   <subfield code="c">2019.</subfield>
  </datafield>
  <datafield tag="264" ind1=" " ind2="4">
   <subfield code="c">©2019</subfield>
  </datafield>
  <datafield tag="300" ind1=" " ind2=" ">
   <subfield code="a">ix, 209 pages</subfield>
   <subfield code="b">illustrations, charts, facsimiles</subfield>
   <subfield code="c">23 cm</subfield>
  </datafield>
  <datafield tag="336" ind1=" " ind2=" ">
   <subfield code="a">text</subfield>
   <subfield code="2">rdacontent</subfield>
  </datafield>
  <datafield tag="337" ind1=" " ind2=" ">
   <subfield code="a">unmediated</subfield>
   <subfield code="2">rdamedia</subfield>
  </datafield>
  <datafield tag="338" ind1=" " ind2=" ">
   <subfield code="a">volume</subfield>
   <subfield code="2">rdacarrier</subfield>
  </datafield>
  <datafield tag="504" ind1=" " ind2=" ">
   <subfield code="a">Includes bibliographical references (pages 188-200) and index.</subfield>
  </datafield>
  <datafield tag="520" ind1="2" ind2=" ">
   <subfield code="a">Electoral system redesign : an opportunity for effective political reform in the Philippines -- Paul D. Hutchcroft&#13;
Why (and how) electoral systems shape development outcomes -- Allen Hicken&#13;
Designing and reforming electoral systems in Southeast Asia -- Benjamin Reilly&#13;
When does electoral system reform occur?  -- Allen Hicken&#13;
Gender and the electoral system : what works for women -- Socorro L. Reyes&#13;
Lessons from a neighbor : the negative consequences of Indonesia's shift to the open list --Edward Aspinall&#13;
The Political Party Development Bill : strengthening parties toward the goal of strengthening Philippine democracy -- Ramon C. Casiple&#13;
Patronage politics and parties in the Philippines : insights from the 2016 elections -- Meredith L. Weiss&#13;
Untangling the party list system -- Julio C. Teehankee&#13;
The multi-member plurality system in the Philippines and its implications --Nico Ravanilla.</subfield>
  </datafield>
  <datafield tag="591" ind1=" " ind2=" ">
   <subfield code="a">Donated by Dr. Antoinette Raquiza</subfield>
  </datafield>
  <datafield tag="650" ind1="0" ind2="0">
   <subfield code="a">Patronage, Political </subfield>
   <subfield code="z">Philippines.</subfield>
  </datafield>
  <datafield tag="650" ind1="0" ind2="0">
   <subfield code="a">Elections </subfield>
   <subfield code="x">Philippines.</subfield>
  </datafield>
  <datafield tag="650" ind1="0" ind2="0">
   <subfield code="a">Political parties </subfield>
   <subfield code="x">Philippines.</subfield>
  </datafield>
  <datafield tag="650" ind1="0" ind2="0">
   <subfield code="a">Election law</subfield>
   <subfield code="x">Philippines.</subfield>
  </datafield>
  <datafield tag="700" ind1="1" ind2=" ">
   <subfield code="a">Hutchcroft,  Paul D. </subfield>
   <subfield code="e">editor.</subfield>
  </datafield>
  <datafield tag="905" ind1=" " ind2=" ">
   <subfield code="a">FI</subfield>
  </datafield>
  <datafield tag="852" ind1="0" ind2=" ">
   <subfield code="a">UPD</subfield>
   <subfield code="b">DAC</subfield>
   <subfield code="h">JQ 1418</subfield>
   <subfield code="i">.S77 2019</subfield>
  </datafield>
  <datafield tag="942" ind1=" " ind2=" ">
   <subfield code="a">Book</subfield>
  </datafield>
 </record>
</collection>
